[Event "Porto Alegre IRT U2200 1st"]
[Site "Porto Alegre"]
[Date "2016.04.10"]
[Round "5.9"]
[White "Teixeira, Guilherme Vargas"]
[Black "Bardefeld Soares, Leticia Geovana"]
[Result "1-0"]
[WhiteElo "1688"]
[BlackElo "1800"]
[PlyCount "105"]
[EventDate "2016.04.09"]
[EventType "swiss"]
[EventRounds "5"]
[EventCountry "BRA"]
[SourceTitle "EXT 2022"]
[Source "ChessBase"]
[SourceDate "2021.10.06"]
[SourceVersion "1"]
[SourceVersionDate "2021.10.06"]
[SourceQuality "1"]

1. e4 c6 2. d4 d5 3. Nc3 dxe4 4. Nxe4 Bf5 5. Ng3 Bg6 6. h4 h6 7. h5 Bh7 8. Nf3 Nd7 9. Bd3 Bxd3 10. Qxd3 e6 11. Bd2 Qc7 12. 0-0-0 Ngf6 13. Kb1 Be7 14. Rhe1 0-0-0 15. Qe2 Rhe8 16. c4 c5 17. Bc3 cxd4 18. Nxd4 a6 19. Nb3 Nc5 20. Be5 Qb6 21. Bd4 Nfd7 22. Bxg7 Nxb3 23. axb3 Bf8 24. Bxf8 Rxf8 25. Qe3 Nc5 26. Ne4 Qxb3 27. Qxc5+ Kb8 28. Nc3 Rc8 29. Qe5+ Ka8 30. Rd4 Rxc4 31. Rxc4 Qxc4 32. Rd1 Qc8 33. Qd4 Rg8 34. g3 Rg5 35. Qd8 Qxd8 36. Rxd8+ Ka7 37. Rf8 f5 38. Rf6 Rxh5 39. Rxe6 Rh2 40. Re2 h5 41. Nd5 h4 42. gxh4 Rxh4 43. Kc2 Rd4 44. Rd2 Rxd2+ 45. Kxd2 Kb8 46. Ke3 Kc8 47. Kf4 Kd7 48. Kxf5 Kd6 49. Nc3 b5 50. Kf6 b4 51. Na4 a5 52. f4 b3 53. f5 1-0